Central Role of Conscience and Ethical Criteria in Business Decisions
Problém reálnej aplikácie etických kritérií v rozličných rozhodovacích procesoch. Absencia etiky a ignorácia zákonov prírody hlavnými dôvodmi krízy v ľudskej spoločnosti. Riešením problému je výchova ku kritickému mysleniu a schopnosť sebareflexie vo vzťahu k vlastnému svedomiu.
Saved in:
| Main Author: | |
|---|---|
| Format: | Book Chapter |
| Language: | English |
| Subjects: | |
| Tags: |
No Tags, Be the first to tag this record!
|
MARC
| LEADER | 00000nla a2200000 4500 | ||
|---|---|---|---|
| 001 | 0183711 | ||
| 005 | 20240502083432.1 | ||
| 041 | 0 | |a eng | |
| 044 | |a CH | ||
| 245 | 1 | 0 | |a Central Role of Conscience and Ethical Criteria in Business Decisions |c Jana Hvoždarová |
| 520 | |a Problém reálnej aplikácie etických kritérií v rozličných rozhodovacích procesoch. Absencia etiky a ignorácia zákonov prírody hlavnými dôvodmi krízy v ľudskej spoločnosti. Riešením problému je výchova ku kritickému mysleniu a schopnosť sebareflexie vo vzťahu k vlastnému svedomiu. | ||
| 610 | 2 | 0 | |a etika |
| 610 | 2 | 0 | |a rozhodovanie |
| 610 | 2 | 0 | |a kríza |
| 610 | 2 | 0 | |a hodnota |
| 610 | 2 | 0 | |a morálka |
| 610 | 2 | 0 | |a batizmus |
| 100 | 1 | |a Hvoždarová, Jana | |